Actas del Cabildo de Santiago: Tomo XXIII, 1692 a 1696

Đã lưu trong:
Chi tiết về thư mục
Tác giả của công ty: Cabildo de Santiago (Tác giả)
Định dạng: Sách
Ngôn ngữ:Tiếng Tây Ban Nha
Được phát hành: Santiago Imprenta Elziviriana 1914
Phiên bản:1a. ed
Loạt:Colección de Historiadores de Chile y de Documentos relativos a la Historia Nacional, XLIII
Những chủ đề:
Các nhãn: Thêm thẻ
Không có thẻ, Là người đầu tiên thẻ bản ghi này!

MARC

LEADER 00000nam a2200000 a 4500
001 UCJ4457
003 CL-VaPUC
008 070124e19140000CL |||||||||||||||||spa|d
082 0 4 |a 983  |b CAB  |2 21 
110 2 |a Cabildo de Santiago  |e author  |9 508183 
245 1 0 |a Actas del Cabildo de Santiago: Tomo XXIII, 1692 a 1696 
250 |a 1a. ed 
300 |a 452 p 
942 |c BK 
945 |d 20070124 00:00:00  |a rinostro 
260 |a Santiago  |b Imprenta Elziviriana  |c 1914 
650 0 |a Historia de Chile  |9 265473 
650 7 |a DOCUMENTOS  |2 CL-VaPUC  |9 366450 
650 7 |a FUENTES  |2 CL-VaPUC  |9 255666 
650 0 |a Administración colonial   |9 508204 
650 0 |a Obras públicas  |9 261125 
650 7 |a POLICIA URBANA  |2 CL-VaPUC  |9 508185 
650 0 |a Cultura  |9 269059 
650 0 |a Comercio  |9 255341 
650 7 |a TASAS E IMPUESTOS  |2 CL-VaPUC  |9 504806 
650 0 |a Salud pública  |9 258913 
650 7 |a PALMAS DE OCOA  |2 CL-VaPUC  |9 508186 
650 7 |a MIEL DE PALMA  |2 CL-VaPUC  |9 508187 
650 7 |a PRESERVACION DE RECURSOS  |2 CL-VaPUC  |9 508188 
651 0 |a Santiago  |9 265444 
583 |a last modification  |c 20070124 00:00:00  |k Rodrigo Vera 
490 0 |a Colección de Historiadores de Chile y de Documentos relativos a la Historia Nacional, XLIII 
999 |c 320573  |d 320571 
952 |0 0  |1 0  |4 0  |6 983_000000000000000_CAB_1914  |7 0  |8 X  |9 399119  |a FDOBUD  |b FDOBUD  |d 2019-11-22  |i 100042K  |o 983 CAB 1914  |p 100042K  |r 2019-11-22  |w 2019-11-22  |y BK_X  |k BUD